UBT Library

Medical Psysiollogy (Record no. 49850)

000 -LEADER
fixed length control field 00264nam a22001217a 4500
008 - FIXED-LENGTH DATA ELEMENTS--GENERAL INFORMATION
fixed length control field 181016b xxu||||| |||| 00| 0 eng d
041 ## - LANGUAGE CODE
Language code of text/sound track or separate title eng
080 ## - UNIVERSAL DECIMAL CLASSIFICATION NUMBER
Universal Decimal Classification number 159.9
100 ## - Rafti
Rafti 50
101 ## - Shkurtesa
Shkurtesa psi
245 ## - TITLE STATEMENT
Title Medical Psysiollogy
Statement of responsibility, etc vernon .b.m
942 ## - ADDED ENTRY ELEMENTS (KOHA)
Source of classification or shelving scheme
Item type Books
Holdings
Withdrawn status Lost status Source of classification or shelving scheme Damaged status Not for loan Collection code Permanent location Current location Shelving location Date acquired Total Checkouts Full call number Barcode Date last seen Price effective from Koha item type
          Koleksioni i përgjithshem UBT - Lipjan UBT - Lipjan Koleksioni i përgjithshem 10/16/2018   159.9 VER 002-3014901 10/16/2018 10/16/2018 Books
          Koleksioni i përgjithshem UBT - Lipjan UBT - Lipjan Koleksioni i përgjithshem 10/16/2018   159.9 WER 002-3014891 10/16/2018 10/16/2018 Books
UBT Library © 2015-2024. All rights reserved University Education for Business and Technology